COMPOSITE INDICATORS AND WEIGHTING SCHEME: THE CASE OF EUROPE 2020 INDICATORS

Bibliographic Details
Main Authors: Fischer, Jakub, 1978- (Author), Hudrlikova, Lenka (Author)
Format: Article
Language:English

MARC

LEADER 00000nab a2200000ua 4500
001 vtls010778702
003 SK-MaSNL
005 20260303203017.0
008 230222s2011 xo |||||||||||||||||eng|
035 |a (urnnbn)urn:nbn:sk:snk:ar-a03ufn 
035 |a (uuid)6e062e44-a887-434a-8755-937a3493f881 
035 |a urn:nbn:sk:snk-ab5f6t 
040 |a SNKBUCL  |b slo  |c SNKBUCL  |e AACR2 
041 0 |a eng 
044 |a xo  |c SK 
100 1 |a Fischer, Jakub,  |d 1978-  |4 aut  |9 185195 
245 1 0 |a COMPOSITE INDICATORS AND WEIGHTING SCHEME: THE CASE OF EUROPE 2020 INDICATORS  |c Jakub Fischer, Lenka Hudrlikova 
700 1 |a Hudrlikova, Lenka  |4 aut  |9 1149960 
773 0 |t Aplimat : journal of applied mathematics  |g Roč. 4, č. 3 (2011), s. [291]-298 
958 |a OND 
958 |a EUIPO 
958 |a article3 
999 |c 2183168  |d 2185098